Statistics for Football Players Associated with a Club

Click here to take the quiz!

General Stats

  • This quiz has been taken 20 times
  • The average score is 9 of 16

Answer Stats

Answer% Correct
Manchester United FC
95%
AC Milan
90%
AS Roma
90%
FC Barcelona
90%
Liverpool FC
85%
SL Benfica
85%
Santos FC
75%
FC Bayern Munich
60%
CA Boca Juniors
50%
FC Dynamo Moscow
25%
São Paulo FC
25%
FC Dynamo Kyiv
20%
Galatasaray SK
20%
Botafogo
15%
Melbourne Victory FC
15%
Real Sociedad
10%

Score Distribution

Percentile by Number Answered

Percent of People with Each Score

Your Score History

You have not taken this quiz